000 01074nam a2200289 c 4500
003 BLK
005 20180422114601.0
008 180411b bul|||||r ||||||| ||bul||
010 _aKNG00181620000
040 _aBLK
041 _aBUL
_cBUL
080 _aАмериканска литература (на САЩ)
_b821.111(73)
_x-32
_z821.111(73)-32
100 1 _aСтайнбек, Джон Ърнст
_eпърви автор
_9377287
700 1 _aСтефанов, Александър
_eпрев. от англ.
_9375789
139 _aСтайнбек, Джон Ърнст
_bС 62
245 1 0 _aЧервеното пони
_bПовест
_cДжон Ърнст Стайнбек; прев. от англ. Александър Стефанов.
257 _aUSA
260 София
_bНар. младеж
_c1964
300 _a100 с.
_bс 1 портр.
_c17 см
380 _aX
500 _a20 100 тир.
852 _aЦб І 6797
856 4 _qpdf
_u
856 4 _qpdf
_u
942 _cKNG
_n0
944 _aCR
_c11.09.2015
_kКети_Илиева
944 _aED
_c11.09.2015
_kКети_Илиева
999 _c173237
_d173237